| 000 | 00692nam a2200205 a 4500 | ||
|---|---|---|---|
| 005 | 20200104041522.0 | ||
| 008 | 140228b1990 CK ||||gr|||| 00| 0 spa d | ||
| 040 |
_aCO-BoIAVH _cCO-BoIAVH |
||
| 041 | _aspa | ||
| 044 | _ack | ||
| 082 | 4 |
_a333.782 _bI43i |
|
| 111 | 2 |
_aInforme del taller Internacional sobre áreas protegidas en la cuenca del Amazonas _cLeticia _d1989 _951501 |
|
| 245 | 1 | _aInforme del taller internacional sobre áreas protegidas en la cuenca del Amazonas | |
| 260 |
_aLeticia _bFAO _bPNUMA _c1989 |
||
| 300 |
_a44 paginas. _c25 x 17 cm |
||
| 650 | 4 |
_aAmazonas (Brasil) _951502 |
|
| 650 | 4 |
_aAreas protegidas _978 |
|
| 650 | 4 |
_aCuenca del Amazonas _912833 |
|
| 942 |
_cLIBRO _2ddc |
||
| 999 |
_c1561 _d1561 |
||